Detalles MARC
| 000 -LEADER |
| fixed length control field |
01478nam a2200361 a 4500 |
| 001 - CONTROL NUMBER |
| control field |
|
| 003 - CONTROL NUMBER IDENTIFIER |
| control field |
OSt |
| 005 - DATE AND TIME OF LATEST TRANSACTION |
| control field |
20220519114720.0 |
| 008 - FIXED-LENGTH DATA ELEMENTS--GENERAL INFORMATION |
| fixed length control field |
090626s2006 dr 000 0 spa d |
| 020 ## - INTERNATIONAL STANDARD BOOK NUMBER |
| International Standard Book Number |
9993486671 |
| 040 ## - CATALOGING SOURCE |
| Original cataloging agency |
BPMSU |
| Language of cataloging |
spa |
| Transcribing agency |
BPMSU |
| 082 ## - DEWEY DECIMAL CLASSIFICATION NUMBER |
| Classification number |
327.1 |
| Item number |
B742t 2006 |
| Edition number |
22 |
| 100 1# - MAIN ENTRY--PERSONAL NAME |
| Personal name |
Bosch, Juan, |
| Dates associated with a name |
1909-2001 |
| 9 (RLIN) |
1 |
| 245 10 - TITLE STATEMENT |
| Title |
Temas internacionales : |
| Remainder of title |
ensayos y artículos. / |
| Statement of responsibility, etc. |
Juan Bosch ; compilador y editor Miguel Collado ; presentación Diómedes Núñez Polanco ; prólogo Pablo A. Maríñez. |
| 260 ## - PUBLICATION, DISTRIBUTION, ETC. (IMPRINT) |
| Place of publication, distribution, etc. |
Santo Domingo : |
| Name of publisher, distributor, etc. |
Fundación Juan Bosch, |
| Date of publication, distribution, etc. |
2006. |
| 300 ## - PHYSICAL DESCRIPTION |
| Extent |
633 p. ; |
| Dimensions |
23 cm. |
| 500 ## - GENERAL NOTE |
| General note |
Incluye datos biográficos del autor en la solapa de la cubierta |
| 504 ## - BIBLIOGRAPHY, ETC. NOTE |
| Bibliography, etc |
Incluye referencias bibliográficas y notas al pie de las páginas. |
| 590 ## - LOCAL NOTE (RLIN) |
| Local note |
Inventariado, 2022/VM |
| 650 #4 - SUBJECT ADDED ENTRY--TOPICAL TERM |
| Topical term or geographic name as entry element |
Política internacional |
| 650 #4 - SUBJECT ADDED ENTRY--TOPICAL TERM |
| Topical term or geographic name as entry element |
Imperialismo |
| Geographic subdivision |
Estados Unidos. |
| 650 #4 - SUBJECT ADDED ENTRY--TOPICAL TERM |
| Topical term or geographic name as entry element |
Conflicto armado |
| 650 #4 - SUBJECT ADDED ENTRY--TOPICAL TERM |
| Topical term or geographic name as entry element |
Política mundial. |
| Chronological subdivision |
Siglo XX |
| 651 #4 - SUBJECT ADDED ENTRY--GEOGRAPHIC NAME |
| Geographic name |
República Dominicana |
| General subdivision |
Relaciones Internacionales |
| Form subdivision |
Ensayos, conferencias, etc.. |
| 651 #4 - SUBJECT ADDED ENTRY--GEOGRAPHIC NAME |
| Geographic name |
República Dominicana |
| General subdivision |
Historia |
| 651 #4 - SUBJECT ADDED ENTRY--GEOGRAPHIC NAME |
| Geographic name |
Artículos de prensa |
| Geographic subdivision |
República Dominicana |
| Form subdivision |
Colecciones . |
| General subdivision |
|
| 700 1# - ADDED ENTRY--PERSONAL NAME |
| Personal name |
Collado, Miguel A., |
| Dates associated with a name |
1954- |
| Relator term |
compilador |
| 700 1# - ADDED ENTRY--PERSONAL NAME |
| Personal name |
Núñez Polanco, Diómedes, |
| Numeration |
1952- |
| 700 1# - ADDED ENTRY--PERSONAL NAME |
| Personal name |
Maríñez., Pablo A., |
| Relator term |
prólogo |
| 710 2# - ADDED ENTRY--CORPORATE NAME |
| Corporate name or jurisdiction name as entry element |
Fundación Juan Bosch (República Dominicana) |
| 910 ## - USER-OPTION DATA (OCLC) |
| User-option data |
Validado. Control de calidad VMateo V. |
| 942 ## - ADDED ENTRY ELEMENTS (KOHA) |
| Source of classification or shelving scheme |
Dewey Decimal Classification |
| Koha item type |
Libros |